[Event "Rishon Le Ziyyon"]
[Site "Rishon Le Ziyyon"]
[Date "1992.??.??"]
[Round "11"]
[White "Greenfeld, Alon"]
[Black "Djuric, Stefan"]
[Result "1-0"]
[WhiteElo "2535"]
[BlackElo "2535"]
[PlyCount "59"]
[EventDate "1992.??.??"]
[Source "ChessBase"]

1. d4 Nf6 2. c4 e6 3. Nc3 Bb4 4. Qc2 d5 5. a3 Be7 6. Nf3 O-O 7. Bg5 Nbd7 8. Rd1 c6 9. e3 a6 10. Bd3 dxc4 11. Bxc4 b5 12. Ba2 Bb7 13. Bb1 g6 14. h4 Ng4 15. Ne4 h6 16. Nd6 hxg5 17. Nxf7 Bb4+ 18. axb4 Kxf7 19. hxg5 Rh8 20. Qxg6+ Ke7 21. Ke2 a5 22. Qg7+ Kd6 23. Ne5 Rf8 24. Nxg4 Rg8 25. Qh7 Bc8 26. Qh2+ Ke7 27. Ne5 Nxe5 28. Qxe5 Qd5 29. Rh7+ Ke8 30. Bg6+ 1-0

[Event "XXV Open del Liechtenstein"]
[Site "Triesen LIE"]
[Date "2007.05.18"]
[Round "8"]
[White "Likavsky, Tomas"]
[Black "Rozentalis, Eduardas"]
[Result "0-1"]
[WhiteElo "2485"]
[BlackElo "2578"]
[PlyCount "60"]
[EventDate "2007.05.11"]
[Source "www.chesslib.no"]
[SourceDate "2004.05.04"]

1. d4 Nf6 2. c4 e6 3. Nc3 Bb4 4. Qc2 d5 5. a3 Bxc3+ 6. Qxc3 dxc4 7. e3 b5 8. a4 c6 9. axb5 cxb5 10. b3 Nd5 11. Qa5 Qxa5+ 12. Rxa5 Nb6 13. Nf3 Bd7 14. bxc4 bxc4 15. Nd2 Nc6 16. Rc5 O-O 17. Bxc4 Na4 18. Rb5 Rfc8 19. Rb1 e5 20. d5 Na5 21. Ba6 Rc2 22. O-O Ra2 23. Nc4 Bf5 24. Rb4 Nc5 25. Bb5 Bd3 26. Rd1 Be2 27. Rd2 Ra1 28. Rc2 Bd3 29. Rc3 Ne4 30. Nxe5 Nxc3 0-1

[Event "Quebec Open"]
[Site "Montreal CAN"]
[Date "2007.07.28"]
[Round "9"]
[White "Likavsky, T."]
[Black "Rozentalis, E."]
[Result "0-1"]
[WhiteElo "2494"]
[BlackElo "2551"]
[PlyCount "92"]
[EventDate "2007.07.20"]
[Source "www.chesslib.no"]
[SourceDate "2004.05.04"]

1. d4 Nf6 2. c4 e6 3. Nc3 Bb4 4. Qc2 d5 5. a3 Be7 6. Nf3 c6 7. e4 dxe4 8. Nxe4 Nbd7 9. Bd3 c5 10. Nxc5 Nxc5 11. dxc5 a5 12. Be3 Qc7 13. O-O a4 14. Qc3 Bxc5 15. Bxc5 Qxc5 16. Qb4 b6 17. Bc2 Bd7 18. Rfe1 Ke7 19. Ne5 Rhc8 20. Nxd7 Nxd7 21. Re4 Nf6 22. Rd4 b5 23. Bd3 Qxb4 24. axb4 Rd8 25. Rxd8 Rxd8 26. Bf1 Rd4 27. f3 Nd7 28. cxb5 Rxb4 29. Ra2 Kd6 30. Kf2 Kc5 31. Ke3 Nb6 32. Kd2 Nc4+ 33. Kc1 Ne3 34. Bd3 Nxg2 35. Bxh7 Nf4 36. Bg8 f6 37. Bf7 e5 38. Be8 Ne2+ 39. Kd2 Nd4 40. Ke3 Rb3+ 41. Ke4 Kd6 42. Bg6 Rxf3 43. Rxa4 f5+ 44. Bxf5 Rf4+ 45. Kd3 Nxf5 46. b3 Kd5 0-1

[Event "Lloyds Bank Open"]
[Site "London ENG"]
[Date "1994.??.??"]
[Round "3"]
[White "Sadler, Matthew"]
[Black "Frias Pablaza, Victor J"]
[Result "0-1"]
[WhiteElo "2560"]
[BlackElo "2480"]
[PlyCount "66"]
[EventDate "1994.08.??"]
[Source "www.chesslib.no"]
[SourceDate "2004.05.04"]

1. d4 Nf6 2. c4 e6 3. Nc3 Bb4 4. Qc2 d5 5. a3 Be7 6. Nf3 Nbd7 7. Bf4 c6 8. e3 O-O 9. h3 b6 10. cxd5 exd5 11. Bd3 Bb7 12. O-O c5 13. Ne5 c4 14. Be2 Rc8 15. Rad1 Re8 16. Bh2 a6 17. f4 b5 18. Bf3 Nb6 19. f5 Ne4 20. Nxe4 dxe4 21. Bxe4 Bxe4 22. Qxe4 f6 23. Qf3 c3 24. bxc3 Rxc3 25. Qh5 Bxa3 26. e4 Qe7 27. Nd3 Qxe4 28. Nf2 Qe2 29. Qh4 Nd5 30. Bg3 Re7 31. Kh2 Ne3 32. Rfe1 Qc4 33. Rb1 Nxf5 0-1

[Event "Hervey Bay Whale op"]
[Site "?"]
[Date "1998.??.??"]
[Round "6"]
[White "Rogers Ian"]
[Black "Solomon Stephen J"]
[Result "1/2-1/2"]
[WhiteElo "2605"]
[BlackElo "2435"]
[PlyCount "74"]
[EventDate "1998.??.??"]
[Source "www.chesslib.no"]
[SourceDate "2004.05.04"]

1. d4 Nf6 2. c4 e6 3. Nc3 Bb4 4. Qc2 d5 5. a3 Bxc3+ 6. Qxc3 O-O 7. Nf3 b6 8. Bg5 Bb7 9. e3 Nbd7 10. Ne5 Nxe5 11. dxe5 Ne4 12. Bxd8 Nxc3 13. Bxc7 Rfc8 14. Bd6 Ne4 15. cxd5 Bxd5 16. Ba6 Nxd6 17. exd6 Rd8 18. O-O Rxd6 19. Rfd1 b5 20. e4 Rxa6 21. exd5 Kf8 22. Kf1 Rc8 23. dxe6 Rxe6 24. Rac1 Rcc6 25. Rxc6 Rxc6 26. Rd7 a6 27. Ra7 g5 28. g4 Kg7 29. Kg2 Kg6 30. Kg3 Rd6 31. h4 Rd3+ 32. f3 gxh4+ 33. Kxh4 Rxf3 34. Rxa6+ f6 35. Rb6 Rb3 36. g5 Rxb2 37. Rxf6+ Kg7 1/2-1/2

[Event "ch-RUS Boys u20"]
[Site "St Petersburg RUS"]
[Date "2008.03.18"]
[Round "11"]
[White "Nechepurenko, R."]
[Black "Romanov, E."]
[Result "1/2-1/2"]
[WhiteElo "2495"]
[BlackElo "2543"]
[PlyCount "27"]
[EventDate "2008.03.08"]
[Source "www.chesslib.no"]
[SourceDate "2004.05.04"]

1. d4 Nf6 2. c4 e6 3. Nc3 Bb4 4. Qc2 d5 5. a3 Bxc3+ 6. Qxc3 dxc4 7. Qxc4 b6 8. Bg5 O-O 9. Nf3 Ba6 10. Qa4 h6 11. Bxf6 Qxf6 12. g3 c5 13. Bg2 Bb7 14. O-O 1/2-1/2

[Event "7th Amplico AIG Life"]
[Site "Warsaw POL"]
[Date "2007.12.15"]
[Round "6"]
[White "Lafuente, P."]
[Black "Peralta, Fe"]
[Result "0-1"]
[WhiteElo "2489"]
[BlackElo "2546"]
[PlyCount "52"]
[EventDate "2007.12.15"]
[Source "www.chesslib.no"]
[SourceDate "2004.05.04"]

1. d4 Nf6 2. c4 e6 3. Nc3 Bb4 4. Qc2 d5 5. a3 Bxc3+ 6. Qxc3 dxc4 7. Qxc4 b6 8. Bf4 Ba6 9. Qxc7 Qxc7 10. Bxc7 O-O 11. Bf4 Nbd7 12. f3 Rac8 13. Nh3 Rc2 14. Rb1 Rfc8 15. Nf2 Bc4 16. Nd1 Nd5 17. Bd2 e5 18. e4 Bxf1 19. Rxf1 exd4 20. Rf2 Ne7 21. Bb4 Ng6 22. Rxc2 Rxc2 23. Bd2 Nh4 24. Ke2 Ne5 25. Rc1 d3+ 26. Kf1 Nc4 0-1

[Event "XXIII Open"]
[Site "Cappelle la Grande FRA"]
[Date "2007.03.03"]
[Round "1"]
[White "Golod, V."]
[Black "Feller, S."]
[Result "1-0"]
[WhiteElo "2597"]
[BlackElo "2431"]
[PlyCount "77"]
[EventDate "2007.03.03"]
[Source "www.chesslib.no"]
[SourceDate "2004.05.04"]

1. d4 Nf6 2. c4 e6 3. Nc3 Bb4 4. Qc2 d5 5. a3 Bxc3+ 6. Qxc3 dxc4 7. Qxc4 b6 8. Nf3 Ba6 9. Qc2 O-O 10. e4 Bxf1 11. Rxf1 Nbd7 12. Bg5 Qc8 13. O-O-O Qb7 14. Rfe1 Rac8 15. Kb1 Rfe8 16. Ne5 c5 17. Qd3 cxd4 18. Nxd7 Nxd7 19. Qxd4 Nc5 20. e5 h6 21. Be3 Rcd8 22. Qg4 Kh8 23. Bd4 Nb3 24. Bc3 Rxd1+ 25. Rxd1 Nc5 26. f3 Qa6 27. Qd4 Rc8 28. Bb4 Qe2 29. Rd2 Qf1+ 30. Ka2 Na6 31. Bc3 Nc7 32. Qd7 Qc4+ 33. b3 Qa6 34. Bb2 Nd5 35. Rxd5 exd5 36. e6 Rc2 37. Qe8+ Kh7 38. exf7 Qd3 39. Qg8+ 1-0

[Event "TCh-AUT 2003-4"]
[Site "Jenbach"]
[Date "2004.??.??"]
[Round "10.2"]
[White "Rotstein, Arkadij"]
[Black "Tischbierek, Raj"]
[Result "1/2-1/2"]
[WhiteElo "2519"]
[BlackElo "2507"]
[PlyCount "127"]
[EventDate "2004.01.01"]
[Source "Roberto Alvarez"]
[SourceDate "2004.03.22"]

1. c4 e6 2. d4 Nf6 3. Nc3 Bb4 4. Qc2 d5 5. a3 Bxc3+ 6. Qxc3 dxc4 7. Qxc4 b6 8. Nf3 Ba6 9. Qc2 Nbd7 10. Bg5 O-O 11. Ne5 c5 12. Nxd7 Qxd7 13. Bxf6 gxf6 14. dxc5 Rac8 15. Rd1 Qb5 16. e3 Qa5+ 17. Qd2 Qxd2+ 18. Rxd2 Bxf1 19. Rxf1 Rxc5 20. Ke2 Rfc8 21. Rfd1 R8c7 22. Rd8+ Kg7 23. R1d2 f5 24. Kf3 Rc2 25. Ke2 Kf6 26. Rh8 Kg7 27. Ra8 Kf6 28. b4 R2c3 29. a4 Ra3 30. a5 bxa5 31. bxa5 Rxa5 32. Kf3 Ra1 33. Rh8 Kg7 34. Rdd8 Ra2 35. Rdg8+ Kf6 36. Kg3 Rcc2 37. h4 Rxf2 38. Kh2 Ra4 39. Rxh7 Rg4 40. Rh6+ Ke5 41. Rxg4 fxg4 42. Kg3 Re2 43. h5 f5 44. Rg6 Rxe3+ 45. Kh4 Re1 46. Kg5 g3 47. h6 Rh1 48. Rg7 f4 49. Rf7 Rh2 50. h7 f3 51. Rxf3 Rxh7 52. Re3+ Kd5 53. Kg6 Rh8 54. Kg7 Ra8 55. Rxg3 a5 56. Kf6 a4 57. Ra3 Ra6 58. g4 Kc4 59. g5 Kb4 60. Ra1 a3 61. g6 e5+ 62. Kf5 e4 63. g7 Ra8 64. Re1 1/2-1/2

[Event "Espoo zt"]
[Site "Espoo"]
[Date "1989.??.??"]
[Round "?"]
[White "Petursson, Margeir"]
[Black "Ostenstad, Berge"]
[Result "1-0"]
[WhiteElo "2590"]
[BlackElo "2430"]
[PlyCount "141"]
[EventDate "1989.07.??"]
[Source "ChessBase"]

1. d4 Nf6 2. c4 e6 3. Nc3 Bb4 4. Qc2 d5 5. a3 Be7 6. cxd5 exd5 7. Bg5 c6 8. e3 Nbd7 9. Bd3 Nh5 10. Bxe7 Qxe7 11. Nge2 Ndf6 12. O-O O-O 13. b4 Bd7 14. Na4 Rad8 15. Nc5 Bc8 16. Rfe1 g6 17. Nc3 Ng4 18. Bf1 Rfe8 19. Qd2 Qh4 20. h3 Ngf6 21. g4 b6 22. Nb3 Bxg4 23. hxg4 Nxg4 24. f3 Qg3+ 25. Qg2 Qxg2+ 26. Kxg2 Nxe3+ 27. Kf2 Nxf1 28. Kxf1 Nf4 29. Rxe8+ Rxe8 30. Re1 Rxe1+ 31. Kxe1 h5 32. Ne2 Nxe2 33. Kxe2 g5 34. Nc1 f6 35. f4 Kf7 36. f5 Ke7 37. Kf3 Kd6 38. Nd3 b5 39. Nc5 Ke7 40. Ne6 Kd6 41. Ng7 h4 42. Ne6 Ke7 43. Kg4 Kd6 44. Nc5 Ke7 45. Nd3 Kf7 46. Nc1 Ke7 47. Nb3 Ke8 48. Nd2 Kf7 49. Kh5 Kg7 50. Nf3 Kh7 51. Nh2 Kg7 52. Ng4 a6 53. Nf2 Kh7 54. Nd3 h3 55. Nf2 h2 56. Nh1 Kg7 57. Ng3 Kh7 58. Kg4 Kg7 59. Kf3 Kh6 60. Ke3 Kg7 61. Kf2 Kh6 62. Kf3 Kg7 63. Kg2 Kh6 64. Kh3 g4+ 65. Kxg4 Kg7 66. Nh1 Kh6 67. Nf2 Kg7 68. Kg3 Kh6 69. Kxh2 Kg5 70. Kg3 Kxf5 71. Kf3 1-0

[Event "XXVIII Open internazionale"]
[Site "Benasque SPA"]
[Date "2008.07.05"]
[Round "3"]
[White "SPRAGGETT, Kevin"]
[Black "VILA GAZQUEZ, Xavier"]
[Result "1-0"]
[WhiteElo "2601"]
[BlackElo "2419"]
[PlyCount "89"]
[EventDate "2008.07.03"]
[Source "www.chesslib.no"]
[SourceDate "2004.05.04"]

1. d4 Nf6 2. c4 e6 3. Nc3 Bb4 4. Qc2 d5 5. a3 Be7 6. Nf3 O-O 7. Bg5 Nbd7 8. e3 h6 9. cxd5 exd5 10. Bh4 c6 11. Bd3 Re8 12. Bg3 Bf8 13. h3 Qe7 14. O-O Ne4 15. Bh2 Nxc3 16. bxc3 Nf6 17. Ne5 c5 18. Qb2 Qd8 19. a4 Qb6 20. Qa2 Qa5 21. Rfc1 cxd4 22. cxd4 Be6 23. Rcb1 Re7 24. Rb5 Qc3 25. Rb3 Qa5 26. Qb2 Rc8 27. f3 Nd7 28. Bg3 Nxe5 29. Bxe5 Rd7 30. Rb5 Qc3 31. Rd1 Qxb2 32. Rxb2 Rc3 33. Kf2 a6 34. Ke2 a5 35. Bg3 Ba3 36. Rb5 Bb4 37. Be1 Ra3 38. Bxb4 axb4 39. Rc1 Rc3 40. Rxc3 bxc3 41. Rc5 Rd8 42. Rxc3 Bd7 43. a5 Rc8 44. Rxc8+ Bxc8 45. Kd2 1-0

[Event "Campionato europeo 2007"]
[Site "Dresda GER"]
[Date "2007.04.07"]
[Round "5.74"]
[White "Drozdovskij, Yuri"]
[Black "Pert, Richard"]
[Result "1/2-1/2"]
[WhiteElo "2558"]
[BlackElo "2455"]
[PlyCount "25"]
[EventDate "2007.04.03"]
[Source "www.chesslib.no"]
[SourceDate "2004.05.04"]

1. d4 Nf6 2. c4 e6 3. Nc3 Bb4 4. Qc2 d5 5. a3 Bxc3+ 6. Qxc3 dxc4 7. Qxc4 b6 8. Nf3 O-O 9. Bf4 Ba6 10. Qc2 Nbd7 11. e4 Bxf1 12. Rxf1 c5 13. Bd6 1/2-1/2

[Event "III Memorial E.Geller - Open A"]
[Site "Odessa UCR"]
[Date "2007.09.10"]
[Round "3"]
[White "Malaniuk, Vladimir"]
[Black "Tarlev, Konstantin"]
[Result "1/2-1/2"]
[WhiteElo "2522"]
[BlackElo "2472"]
[PlyCount "32"]
[EventDate "2007.09.08"]
[Source "www.chesslib.no"]
[SourceDate "2004.05.04"]

1. d4 Nf6 2. c4 e6 3. Nc3 Bb4 4. Qc2 d5 5. a3 Bxc3+ 6. Qxc3 b6 7. Nf3 Ba6 8. e3 Nbd7 9. b4 O-O 10. Bb2 Rc8 11. Be2 dxc4 12. Bxc4 Nd5 13. Qb3 Bxc4 14. Qxc4 c5 15. dxc5 bxc5 16. O-O cxb4 1/2-1/2

[Event "Mitropa Cup 2008"]
[Site "Olbia ITA"]
[Date "2008.06.02"]
[Round "8.2"]
[White "Vavrak, Peter"]
[Black "Gonda, Laszlo"]
[Result "1/2-1/2"]
[WhiteElo "2466"]
[BlackElo "2509"]
[PlyCount "29"]
[EventDate "2008.05.25"]
[Source "www.chesslib.no"]
[SourceDate "2004.05.04"]

1. d4 Nf6 2. c4 e6 3. Nc3 Bb4 4. Qc2 d5 5. a3 Bxc3+ 6. Qxc3 c5 7. Nf3 Ne4 8. Qc2 Qa5+ 9. Bd2 Nxd2 10. Qxd2 Qxd2+ 11. Kxd2 dxc4 12. e3 cxd4 13. Nxd4 Bd7 14. Bxc4 Nc6 15. Nxc6 1/2-1/2

[Event "Politiken Cup"]
[Site "Helsingor DAN"]
[Date "2008.07.27"]
[Round "10"]
[White "Schandorff, L."]
[Black "Sachdev, T."]
[Result "1-0"]
[WhiteElo "2537"]
[BlackElo "2432"]
[PlyCount "111"]
[EventDate "2008.07.19"]
[Source "www.chesslib.no"]
[SourceDate "2004.05.04"]

1. d4 Nf6 2. c4 e6 3. Nc3 Bb4 4. Qc2 d5 5. a3 Bxc3+ 6. Qxc3 dxc4 7. Qxc4 b6 8. Bf4 Ba6 9. Qxc7 Qxc7 10. Bxc7 Nc6 11. Nf3 Rc8 12. Bf4 Na5 13. Rb1 Nb3 14. Nd2 Nxd4 15. e3 Bxf1 16. Rxf1 Nf5 17. Ke2 O-O 18. Rbc1 Nd5 19. Bg3 Rfd8 20. Nb3 f6 21. Rfd1 Rxc1 22. Rxc1 Nxg3+ 23. hxg3 Rd7 24. Nd4 Kf7 25. Rc6 e5 26. Nb5 Ne7 27. Rc1 f5 28. Rc4 h5 29. f4 Kf6 30. Rc1 g6 31. b4 Ke6 32. Nc7+ Kf6 33. Nb5 Ke6 34. Rc3 Kf6 35. Rd3 Rxd3 36. Kxd3 a5 37. Nc7 axb4 38. axb4 g5 39. Kc4 exf4 40. exf4 gxf4 41. gxf4 Ng6 42. g3 Kf7 43. Nd5 Ke6 44. Nxb6 h4 45. gxh4 Nxf4 46. b5 Kd6 47. Na4 Ne6 48. Nc3 f4 49. h5 Ke5 50. h6 Nf8 51. b6 Kf6 52. b7 Nd7 53. Nd5+ Kg6 54. h7 Kg7 55. Nf6 Nb8 56. Kd3 1-0

[Event "Porto Mannu"]
[Site "Palau ITA"]
[Date "2007.05.19"]
[Round "1.1"]
[White "Rowson, Jonathan"]
[Black "Rombaldoni, Denis"]
[Result "1/2-1/2"]
[WhiteElo "2594"]
[BlackElo "2368"]
[PlyCount "101"]
[EventDate "2007.05.19"]
[Source "www.chesslib.no"]
[SourceDate "2004.05.04"]

1. d4 Nf6 2. c4 e6 3. Nc3 Bb4 4. Qc2 d5 5. a3 Bxc3+ 6. Qxc3 dxc4 7. Qxc4 b6 8. Nf3 O-O 9. Bf4 Nd5 10. Bg5 f6 11. Bh4 Ba6 12. Qc2 c5 13. e4 Bxf1 14. Kxf1 Ne7 15. dxc5 bxc5 16. Qxc5 Qd3+ 17. Kg1 Nbc6 18. Bg3 Rfd8 19. h3 e5 20. Kh2 Qxe4 21. Rad1 Rd5 22. Rxd5 Qxd5 23. Qxd5+ Nxd5 24. Rc1 Nce7 25. Nd2 Kf7 26. f3 Ke6 27. Bf2 Rc8 28. Rxc8 Nxc8 29. g3 Ndb6 30. Kg2 Kd5 31. b3 Nd6 32. Nf1 Nb5 33. Ne3+ Kc6 34. Nc2 Kd5 35. Kf1 Nd7 36. Ke2 Nd4+ 37. Bxd4 exd4 38. Nb4+ Kc5 39. Kd3 a5 40. Nc2 Ne5+ 41. Ke4 Nc6 42. g4 g6 43. Ne1 a4 44. Nd3+ Kb5 45. b4 Kc4 46. Nc5 Nxb4 47. Nxa4 Nc2 48. Nb6+ Kc3 49. Nd5+ Kc4 50. Nb6+ Kc3 51. Nd5+ 1/2-1/2

[Event "6th Festival Gp B"]
[Site "Nancy FRA"]
[Date "2008.02.22"]
[Round "7"]
[White "Gladyszev, O."]
[Black "Ramesh, R."]
[Result "1-0"]
[WhiteElo "2485"]
[BlackElo "2473"]
[PlyCount "181"]
[EventDate "2008.02.18"]
[Source "www.chesslib.no"]
[SourceDate "2004.05.04"]

1. d4 Nf6 2. c4 e6 3. Nc3 Bb4 4. Qc2 d5 5. a3 Bxc3+ 6. Qxc3 dxc4 7. Qxc4 b6 8. Nf3 Ba6 9. Qc2 Qd5 10. Bf4 O-O 11. Rc1 Rc8 12. g3 Qa5+ 13. Qd2 Qxd2+ 14. Kxd2 Nd5 15. Bg2 Nxf4 16. gxf4 Bb7 17. Rhg1 c5 18. dxc5 bxc5 19. Ne5 Bxg2 20. Rxg2 f6 21. Nd3 Nd7 22. Rc4 Rc6 23. Rg1 Rd6 24. Ke3 Rd5 25. Rgc1 Rb8 26. Kf3 h6 27. Ra4 Rb7 28. Ra6 Kf7 29. Rc4 g5 30. Rca4 Ke7 31. Rxa7 Rxa7 32. Rxa7 c4 33. Nb4 Rd2 34. Nc6+ Ke8 35. fxg5 hxg5 36. Rb7 c3 37. bxc3 Rc2 38. Rb3 Nc5 39. Nd4 Rc1 40. Rb8+ Kd7 41. Nb5 f5 42. Rg8 Kc6 43. Nd4+ Kd5 44. Rxg5 Rxc3+ 45. e3 Rxa3 46. h4 Ra2 47. Rg2 Nd3 48. Rh2 Ne5+ 49. Kg3 Ng4 50. Rg2 Ra8 51. Nf3 Nf6 52. Ng5 Rh8 53. f3 f4+ 54. exf4 Nh5+ 55. Kg4 Nf6+ 56. Kg3 Nh5+ 57. Kg4 Nf6+ 58. Kh3 Kd4 59. Re2 Nh5 60. Kg4 Nf6+ 61. Kg3 Nh5+ 62. Kg4 Nf6+ 63. Kh3 Nh5 64. Nxe6+ Kd5 65. Re4 Kd6 66. Ng5 Rf8 67. Rd4+ Ke7 68. Kg4 Nf6+ 69. Kg3 Nh5+ 70. Kg4 Nf6+ 71. Kf5 Nh5+ 72. Kg6 Nxf4+ 73. Kh7 Nh5 74. Re4+ Kf6 75. Ra4 Rb8 76. Kh6 Ng3 77. Ne4+ Nxe4 78. Ra6+ Nd6 79. Rxd6+ Kf5 80. h5 Rb3 81. Kg7 Rb7+ 82. Kh6 Rb1 83. Rg6 Rh1 84. Ra6 Rh2 85. Kg7 Rb2 86. Rf6+ Kg5 87. h6 Rb7+ 88. Rf7 Rb6 89. f4+ Kh5 90. Rf5+ Kg4 91. Rf6 1-0